[Event "Women's Speed Chess Q4"]
[Site "chess.com INT"]
[Date "2020.06.21"]
[Round "9"]
[White "Khotenashvili, Bela"]
[Black "Goltseva, Ekaterina"]
[Result "1-0"]
[WhiteTitle "GM"]
[BlackTitle "FM"]
[WhiteElo "2458"]
[BlackElo "2306"]
[WhiteFideId "13602640"]
[BlackFideId "24173770"]
[EventDate "2020.06.21"]

1. d4 Nf6 2. c4 e6 3. g3 Bb4+ 4. Nc3 O-O 5. Bg2 d5 6. Nf3 dxc4 7. O-O Nd5 8. Qc2
Nc6 9. a3 Bxc3 10. bxc3 Na5 11. e4 Nb3 12. Rb1 Nxc1 13. Rfxc1 Nb6 14. Ne5 f6 15.
Nf3 Qe7 16. Qa2 Bd7 17. Nd2 c5 18. Nxc4 Nxc4 19. Qxc4 b5 20. Qb3 Rac8 21. Rd1
Kh8 22. Bh3 f5 23. e5 f4 24. Bg2 Qf7 25. Rd2 f3 26. Bf1 c4 27. Qb4 Bc6 28. a4 a6
29. axb5 axb5 30. Ra1 Ra8 31. Rda2 Qb7 32. h4 h6 33. Bh3 Rxa2 34. Rxa2 Ra8 35.
Rxa8+ Qxa8 36. Bxe6 Bd5 37. Bxd5 Qxd5 38. Qf8+ Kh7 39. Kh2 Qe4 40. Kh3 Qe2 41.
Qf5+ Kh8 42. Qc8+ Kh7 43. Qf5+ Kh8 44. e6 Qxf2 45. e7 Qg2+ 46. Kg4 Qe2 47. Qf8+
Kh7 48. e8=Q f2+ 49. Qxe2 1-0

[Event "Women's Speed Chess Q4"]
[Site "chess.com INT"]
[Date "2020.06.21"]
[Round "9"]
[White "Ouellet, Maili-Jade"]
[Black "Foisor, Sabina-Francesca"]
[Result "0-1"]
[WhiteTitle "WGM"]
[BlackTitle "WGM"]
[WhiteElo "2257"]
[BlackElo "2228"]
[WhiteFideId "2620472"]
[BlackFideId "1212915"]
[EventDate "2020.06.21"]

1. d4 d5 2. c4 c6 3. Nf3 Nf6 4. Nc3 a6 5. c5 g6 6. h3 Bg7 7. Bf4 O-O 8. e3 Nfd7
9. b4 a5 10. a3 Re8 11. Bd3 e5 12. Nxe5 Nxe5 13. Bxe5 Bxe5 14. dxe5 Rxe5 15. O-O
Qh4 16. Qf3 Rg5 17. Kh2 Nd7 18. Qf4 Qh6 19. Rfd1 Ne5 20. Bf1 f6 21. Kh1 Qg7 22.
e4 Be6 23. exd5 cxd5 24. Nxd5 Bxd5 25. Rxd5 axb4 26. Qxb4 Rf5 27. Qb3 Kh8 28. f3
Re8 29. Rad1 h5 30. Bb5 Re7 31. Rd8+ Kh7 32. Bf1 h4 33. c6 Nxc6 34. Qd3 Nxd8 35.
Qxd8 Rfe5 36. Bd3 Re1+ 37. Rxe1 Rxe1+ 38. Kh2 Qe7 39. Qd4 Qe5+ 40. Qxe5 fxe5 41.
Be4 b6 42. a4 Ra1 43. Bc6 Kg7 44. Bb5 Kf6 45. Bc6 Kg5 46. Bb5 Kf4 47. Bc6 g5 48.
Bb5 e4 49. fxe4 Kxe4 50. Bc6+ Kd4 51. Bd7 Kc5 52. Bb5 Kb4 53. Bd7 Rxa4 0-1

[Event "Women's Speed Chess Q4"]
[Site "chess.com INT"]
[Date "2020.06.21"]
[Round "9"]
[White "Martynkova, Olena"]
[Black "Grigoryan, Meri"]
[Result "1-0"]
[WhiteTitle "WIM"]
[BlackTitle "WFM"]
[WhiteElo "2222"]
[BlackElo "2044"]
[WhiteFideId "14134039"]
[BlackFideId "13300571"]
[EventDate "2020.06.21"]

1. d4 d5 2. c4 e5 3. cxd5 Qxd5 4. Nf3 e4 5. Nc3 Bb4 6. Qa4+ Nc6 7. Qxb4 Nxb4 8.
Nxd5 Nc2+ 9. Kd1 Nxa1 10. Nxc7+ Kd8 11. Nxa8 exf3 12. gxf3 Bf5 13. e4 Be6 14. d5
Bd7 15. b3 Ne7 16. Bb2 f6 17. Bxa1 Kc8 18. Bd4 Kb8 19. Nb6 axb6 20. Bxb6 Ng6 21.
Rg1 Re8 22. Kd2 f5 23. Bg2 f4 24. Bf1 Re5 25. Bd4 Rh5 26. Bxg7 Rxh2 27. Rg2 Rh1
28. Be2 Kc7 29. Bd4 Kd6 30. Rg5 Be8 31. Bc4 h6 32. e5+ Kc7 33. Rf5 h5 34. d6+
Kc6 35. a4 Bd7 36. Bb5+ Kd5 37. Bxd7 Kxd4 38. e6 Rh2 39. e7 Rxf2+ 40. Ke1 Nxe7
41. dxe7 Rb2 42. e8=Q Rb1+ 43. Kf2 Rb2+ 44. Kg1 Rb1+ 45. Kh2 Rb2+ 46. Kh3 Rxb3
47. Qe4+ Kc3 48. Rc5+ 1-0

[Event "Women's Speed Chess Q4"]
[Site "chess.com INT"]
[Date "2020.06.21"]
[Round "9"]
[White "Gokbulut, Julia"]
[Black "Huda, Maryana"]
[Result "1/2-1/2"]
[WhiteTitle "WFM"]
[BlackTitle "WGM"]
[WhiteElo "1970"]
[BlackElo "2128"]
[WhiteFideId "4153979"]
[BlackFideId "14116553"]
[EventDate "2020.06.21"]

1. d4 d5 2. c4 c6 3. Nf3 Nf6 4. Qb3 e6 5. g3 Nbd7 6. Bg2 Bd6 7. O-O O-O 8. Bf4
Bxf4 9. gxf4 Ne4 10. e3 f5 11. Nc3 Rf6 12. Nxe4 fxe4 13. Ne5 Nxe5 14. dxe5 Rg6
15. Kh1 Qh4 16. f3 Rh6 17. h3 b5 18. cxb5 Rb8 19. a4 c5 20. Qc2 Bb7 21. fxe4
dxe4 22. Qf2 Qe7 23. Rad1 Bd5 24. Kh2 Qb7 25. Rd2 a6 26. bxa6 Qxa6 27. Ra1 Qa5
28. Rc2 Rg6 29. Bf1 Rb3 30. Rac1 h6 31. Rxc5 Qxa4 32. Rc8+ Kh7 33. R8c3 Rb6 34.
Ra3 Qb4 35. Rc2 Bb3 36. Rd2 Bd5 37. Ra7 Rb7 38. Rxb7 Qxb7 39. Rc2 h5 40. Be2 Rh6
41. Qh4 Qf7 42. Rc8 Qb7 43. Qd8 Qxb2 44. Qg8+ Kg6 45. Qe8+ Kh7 46. Qg8+ Kg6 47.
Qe8+ Kh7 48. Qg8+ 1/2-1/2

[Event "Women's Speed Chess Q4"]
[Site "chess.com INT"]
[Date "2020.06.21"]
[Round "9"]
[White "Sviridova, Vlada"]
[Black "Martsynovskaya, Marina"]
[Result "1/2-1/2"]
[WhiteTitle "WFM"]
[BlackTitle "WIM"]
[WhiteElo "2144"]
[BlackElo "2046"]
[WhiteFideId "24109606"]
[BlackFideId "609218"]
[EventDate "2020.06.21"]

1. d4 d5 2. c4 dxc4 3. Nf3 Nf6 4. e3 e6 5. Bxc4 c5 6. O-O cxd4 7. Nxd4 a6 8. a4
Be7 9. Nc3 O-O 10. b3 e5 11. Nf3 Nc6 12. Bb2 h6 13. Nd5 Nxd5 14. Bxd5 Bg4 15.
Bxc6 bxc6 16. Qxd8 Rfxd8 17. Nxe5 Bf6 18. Rab1 Bf5 19. Rbc1 Rd2 20. Bd4 Bxe5 21.
Bxe5 Be6 22. Rxc6 Bxb3 23. a5 Ra2 24. Rc5 Ba4 25. Rfc1 Bb5 26. Bc7 Rc8 27. h3
Kh7 28. g4 Bd3 29. Kg2 Re8 30. Kg3 Re4 31. Bb6 Rb4 32. Rc7 Bg6 33. R1c4 Rbb2 34.
e4 Ra3+ 35. Kg2 Re2 36. Re7 h5 37. Rb4 Rc2 38. Rd4 Re3 39. Rb4 Ra3 40. Rd4 h4
41. Rd8 Rg3+ 42. Kf1 Rxh3 43. Ree8 Kh6 44. Be3+ Rxe3 45. fxe3 Kg5 46. Kg1 Kxg4
47. Rd4 Kg3 48. Rd1 h3 49. Rf1 Bh5 50. Rg8 Rg2+ 51. Kh1 Rh2+ 52. Kg1 Rg2+ 53.
Kh1 Rh2+ 54. Kg1 Rg2+ 1/2-1/2

[Event "Women's Speed Chess Q4"]
[Site "chess.com INT"]
[Date "2020.06.21"]
[Round "9"]
[White "Goryachkina, Aleksandra"]
[Black "Padmini, Rout"]
[Result "1/2-1/2"]
[WhiteTitle "GM"]
[BlackTitle "IM"]
[WhiteElo "2582"]
[BlackElo "2370"]
[WhiteFideId "4147103"]
[BlackFideId "5029295"]
[EventDate "2020.06.21"]

1. e4 e5 2. Nf3 Nc6 3. d4 exd4 4. Bc4 Be7 5. O-O d6 6. Nxd4 Nf6 7. Nc3 O-O 8. h3
Re8 9. Bf4 Bf8 10. Re1 Ne5 11. Bf1 a6 12. g3 c5 13. Nf3 Bd7 14. Nxe5 dxe5 15.
Bg5 Bc6 16. a4 h6 17. Qxd8 Raxd8 18. Bxf6 gxf6 19. Bc4 Kg7 20. Bd5 Bxd5 21. Nxd5
f5 22. f3 fxe4 23. fxe4 c4 24. Kg2 f5 25. Rad1 fxe4 26. Rxe4 b5 27. axb5 axb5
28. Rg4+ Kh8 29. Re4 Bg7 30. c3 Rd6 31. Ne3 Red8 32. Rxd6 Rxd6 33. Kf3 Rd2 34.
Nf5 Rxb2 35. Nxg7 Kxg7 36. Rxe5 Rb3 37. Re3 b4 38. cxb4 Rxb4 39. Ke4 Rb2 40. Kd4
Rh2 41. Kxc4 Rxh3 42. Kd4 Kg6 43. Ke4 Kg5 44. Kf3 Rh1 45. Re5+ Kg6 46. Kg2 Ra1
47. Re2 Ra3 48. Re6+ Kg5 49. Re2 h5 50. Rd2 Kg4 51. Rd4+ Kg5 52. Rd2 Kg4 53.
Rd4+ Kg5 54. Rd5+ Kg4 55. Rd4+ 1/2-1/2

[Event "Women's Speed Chess Q4"]
[Site "chess.com INT"]
[Date "2020.06.21"]
[Round "9"]
[White "Berdychevskaya, Natasha"]
[Black "Sharmin, Samiha Shimmi"]
[Result "0-1"]
[WhiteTitle "WFM"]
[BlackTitle "WCM"]
[WhiteElo "2208"]
[BlackElo "1812"]
[WhiteFideId "4159322"]
[BlackFideId "10203087"]
[EventDate "2020.06.21"]

1. e4 d5 2. exd5 Qxd5 3. Nc3 Qd6 4. Bc4 Nf6 5. d3 a6 6. Nge2 b5 7. Bb3 Bb7 8.
O-O e6 9. Ng3 Be7 10. Nce4 Qc6 11. f3 O-O 12. Qe2 Nbd7 13. Bd2 a5 14. a4 b4 15.
Rae1 Nc5 16. Nxc5 Bxc5+ 17. Kh1 Bd4 18. Bc1 Rad8 19. Ne4 Nd5 20. Nf2 Nb6 21. Ng4
Nxa4 22. Bg5 Rd7 23. f4 h6 24. Bh4 Nxb2 25. f5 e5 26. f6 g6 27. Nxh6+ Kh7 28.
Nf5 a4 29. Qd2 gxf5 30. Qg5 Qxg2+ 31. Qxg2 Bxg2+ 32. Kxg2 axb3 33. cxb3 f4 34.
Kf3 Nxd3 35. Rd1 Nc5 36. Rg1 Rg8 37. Rxg8 Kxg8 38. Be1 Nxb3 39. Bxb4 c5 40. Bc3
Kh7 41. Ke4 Kg6 42. Rg1+ Kxf6 43. Be1 Ke6 44. Bh4 Bxg1 0-1

[Event "Women's Speed Chess Q4"]
[Site "chess.com INT"]
[Date "2020.06.21"]
[Round "9"]
[White "Dwilewicz, Katarzyna"]
[Black "Andriasyan, Siranush"]
[Result "1-0"]
[WhiteTitle "WFM"]
[BlackTitle "WIM"]
[WhiteElo "2120"]
[BlackElo "2298"]
[WhiteFideId "1148486"]
[BlackFideId "13301926"]
[EventDate "2020.06.21"]

1. e4 e5 2. Nf3 Nc6 3. Bb5 Nf6 4. d3 Bc5 5. O-O d6 6. c3 O-O 7. Nbd2 Bg4 8. h3
Bh5 9. Re1 a6 10. Ba4 Ne7 11. Nf1 c6 12. Ng3 Ng6 13. Bg5 Bxf3 14. Qxf3 h6 15.
Bxf6 Qxf6 16. Qxf6 gxf6 17. Nh5 Nh8 18. Nxf6+ Kg7 19. Nd7 Rfd8 20. Nxc5 dxc5 21.
Re3 Ng6 22. g3 h5 23. h4 Kf6 24. Bd1 Rg8 25. Kh2 Rh8 26. Rf3+ Ke6 27. Rf5 Rad8
28. Bb3+ Kd6 29. Rxf7 Ne7 30. Rd1 Rdf8 31. Rxf8 Rxf8 32. Rd2 b5 33. Bd1 Rh8 34.
d4 cxd4 35. cxd4 exd4 36. Rxd4+ Ke5 37. Rd7 Ng6 38. f4+ Ke6 39. Rc7 Ne7 40. e5
Rd8 41. Bb3+ Nd5 42. Rxc6+ Kf5 43. Rd6 Rxd6 44. exd6 Nf6 45. Kg2 a5 46. a3 Ke4
47. Kf2 Kd4 48. Kf3 Kc5 49. Bf7 Kxd6 50. Ke3 Kc5 51. b3 b4 52. a4 Kd6 53. Kd4
Ke7 54. Bg6 Kd6 55. Kc4 Kc6 56. Bf7 Ne4 57. Bd5+ 1-0

[Event "Women's Speed Chess Q4"]
[Site "chess.com INT"]
[Date "2020.06.21"]
[Round "9"]
[White "Maltsevskaya, Aleksandra"]
[Black "Dordzhieva, Dinara"]
[Result "0-1"]
[WhiteTitle "WGM"]
[BlackTitle "WIM"]
[WhiteElo "2272"]
[BlackElo "2354"]
[WhiteFideId "24174041"]
[BlackFideId "24157570"]
[EventDate "2020.06.21"]

1. d4 Nf6 2. Nf3 d5 3. c4 e6 4. Nc3 dxc4 5. e3 a6 6. Bxc4 b5 7. Bb3 Bb7 8. O-O
Nbd7 9. a4 b4 10. Nb1 c5 11. Nbd2 cxd4 12. exd4 Be7 13. Qe2 a5 14. Re1 Bd5 15.
Bxd5 Nxd5 16. Nc4 O-O 17. Nce5 Nxe5 18. Nxe5 Qc7 19. Bd2 Rfc8 20. Rec1 Qb7 21.
Qf3 Bf6 22. Bf4 Rxc1+ 23. Rxc1 Rc8 24. Rd1 g6 25. h4 h5 26. g4 hxg4 27. Nxg4 Bg7
28. Be5 Qe7 29. Bg3 Rc2 30. Re1 Qa7 31. h5 gxh5 32. Ne5 Rxb2 33. Qxh5 Rc2 34.
Qh4 Rc8 35. Ng4 Qe7 36. Qh3 Qg5 37. Bh4 Qg6 38. Kh1 Nf4 39. Qf3 Qf5 40. Rg1 Kf8
41. Ne3 Qh3+ 42. Qxh3 Nxh3 43. Rd1 Nf4 44. d5 exd5 45. Nxd5 Nxd5 46. Rxd5 Rb8
47. Bg3 Rb7 48. Bh4 Bc3 49. f4 b3 50. f5 b2 51. f6 b1=Q+ 52. Kg2 Qe4+ 53. Kh3
Qxd5 0-1

[Event "Women's Speed Chess Q4"]
[Site "chess.com INT"]
[Date "2020.06.21"]
[Round "9"]
[White "Assaubayeva, Bibisara"]
[Black "Babiy, Olga"]
[Result "1-0"]
[WhiteTitle "FM"]
[BlackTitle "WGM"]
[WhiteElo "2364"]
[BlackElo "2228"]
[WhiteFideId "13708694"]
[BlackFideId "14117258"]
[EventDate "2020.06.21"]

1. d4 d5 2. c4 dxc4 3. Nf3 a6 4. e3 Bg4 5. Bxc4 e6 6. Nc3 Nc6 7. h3 Bh5 8. Be2
Nf6 9. g4 Bg6 10. Nh4 Bd6 11. Nxg6 hxg6 12. Bf3 Qd7 13. Bd2 Rb8 14. Bg2 Nb4 15.
Qb3 c5 16. Ne4 Nxe4 17. Bxe4 Nc6 18. dxc5 Bxc5 19. Rc1 Bd6 20. Bg2 O-O 21. O-O
g5 22. Rfd1 Qe7 23. Bc3 Ne5 24. Qb6 Rfd8 25. Ba5 Ng6 26. Qa7 Rd7 27. Rxd6 Qxd6
28. Bc7 Qd2 29. Qxb8+ Kh7 30. Rf1 Nh4 31. Be4+ f5 32. gxf5 exf5 33. Bh1 Qxb2 34.
Bg3 Ng6 35. Qc8 Rf7 36. Bd5 Rf8 37. Qe6 f4 38. exf4 gxf4 39. Bh2 Qd4 40. Qe4 Qf6
41. Kh1 Rd8 42. Rg1 Qd6 43. Be6 Qd3 44. Qxd3 Rxd3 45. Bf5 Rd2 46. Bxg6+ Kg8 47.
Re1 Rd8 48. Bxf4 Kf8 49. Bd6+ Kg8 50. Kg2 Rc8 51. Kf3 b5 52. Kf4 a5 53. Kf5 b4
54. Ke6 a4 55. Kd7 b3 56. Kxc8 bxa2 57. Re8# 1-0

[Event "Women's Speed Chess Q4"]
[Site "chess.com INT"]
[Date "2020.06.21"]
[Round "9"]
[White "Bartel, Marta"]
[Black "Havanecz, Bianka"]
[Result "0-1"]
[WhiteTitle "WGM"]
[BlackTitle "WIM"]
[WhiteElo "2192"]
[BlackElo "2251"]
[WhiteFideId "1123009"]
[BlackFideId "704814"]
[EventDate "2020.06.21"]

1. d4 d5 2. c4 Nf6 3. cxd5 Nxd5 4. e4 Nb6 5. Nf3 Bg4 6. Be3 e6 7. Nc3 Be7 8. h3
Bh5 9. Be2 O-O 10. O-O N8d7 11. Rc1 c5 12. d5 exd5 13. exd5 Nf6 14. Qb3 Rc8 15.
Rfd1 Bd6 16. Bg5 h6 17. Bh4 Re8 18. Bb5 Bxf3 19. gxf3 Re5 20. Ne4 Rh5 21. Nxd6
Qxd6 22. Bg3 Qd8 23. d6 Rxh3 24. d7 Ra8 25. Bc4 Nxc4 26. Qxc4 Rh5 27. Qb5 Rg5
28. Qxb7 Nxd7 29. Rxd7 Qe8 30. Re7 Qf8 31. Rce1 Rd8 32. Qxa7 Kh7 33. Rxf7 Qd6
34. Qc7 Qd2 35. Ree7 Qxb2 36. Kg2 Rd2 37. Rxg7+ Rxg7 38. Rxg7+ Qxg7 39. Qxc5 Rd7
40. Qf5+ Kg8 41. Qe6+ Rf7 42. Qe8+ Kh7 43. Qe4+ Qg6 44. a4 Qxe4 45. fxe4 Ra7 46.
e5 Rxa4 47. Kf3 Kg6 48. Ke3 Kf5 49. f4 Ra3+ 50. Kf2 h5 51. Bh2 h4 52. Kg2 h3+
53. Kh1 Ra1+ 54. Bg1 Kxf4 55. Kh2 Kg4 56. Bd4 Ra2+ 57. Kh1 Re2 58. Bg1 Kg3 0-1

[Event "Women's Speed Chess Q4"]
[Site "chess.com INT"]
[Date "2020.06.21"]
[Round "9"]
[White "Tarasenka, Aliaksandra"]
[Black "Shukhman, Anna"]
[Result "1-0"]
[WhiteTitle "WFM"]
[BlackTitle "WCM"]
[WhiteElo "2070"]
[BlackElo "1866"]
[WhiteFideId "13514288"]
[BlackFideId "54180058"]
[EventDate "2020.06.21"]

1. e4 c5 2. c3 Nf6 3. e5 Nd5 4. d4 cxd4 5. Qxd4 e6 6. Bd3 Nc6 7. Qe4 f5 8. Qe2
Qc7 9. Nf3 Be7 10. O-O O-O 11. a3 d6 12. c4 Nb6 13. exd6 Bxd6 14. b4 Bf4 15. Bb2
a5 16. b5 Ne7 17. Nbd2 Bd6 18. Nb3 Na4 19. Bd4 Nc5 20. Nxc5 Bxc5 21. Be5 Bd6 22.
Bd4 Bc5 23. Bc3 Ng6 24. Ne5 Nf4 25. Qf3 Nxd3 26. Nxd3 Bd6 27. h3 Bd7 28. Rac1
Bxa3 29. Be5 Qb6 30. Qg3 Rf7 31. Rb1 Rc8 32. Ba1 Bd6 33. Qh4 Be7 34. Qf4 Bd6 35.
Ne5 Bxe5 36. Bxe5 Qc5 37. Rbc1 h6 38. Bd6 Qb6 39. Rfd1 a4 40. Ba3 Qc7 41. Rd6
Rff8 42. Qd4 Rfd8 43. b6 Qb8 44. Rd1 e5 45. Qd5+ Kh7 46. Rxd7 Rxd7 47. Qxd7 Rxc4
48. Qxf5+ Kh8 49. Be7 Rc8 50. Qg6 Rg8 51. Bd6 Qc8 52. Bxe5 Qc4 53. Bxg7+ Rxg7
54. Rd8+ Rg8 55. Qxh6# 1-0

[Event "Women's Speed Chess Q4"]
[Site "chess.com INT"]
[Date "2020.06.21"]
[Round "9"]
[White "Janzelj, Lara"]
[Black "Khalafova, Narmin"]
[Result "1-0"]
[WhiteTitle "WIM"]
[BlackTitle "WGM"]
[WhiteElo "2210"]
[BlackElo "2279"]
[WhiteFideId "14608391"]
[BlackFideId "13402625"]
[EventDate "2020.06.21"]

1. c4 e5 2. g3 c6 3. d4 e4 4. Nc3 d5 5. cxd5 cxd5 6. f3 Nf6 7. fxe4 dxe4 8. Bg2
Bf5 9. Bg5 Bb4 10. e3 Nc6 11. Ne2 h6 12. Bxf6 Qxf6 13. O-O Qg5 14. Kh1 O-O 15.
Rf4 Rfe8 16. Qf1 Bg6 17. Nxe4 Qe7 18. a3 f5 19. axb4 fxe4 20. b5 Nb4 21. Nc3 Nc2
22. Nd5 Qd6 23. Rc1 Rac8 24. Qd1 Qxd5 25. Rxc2 Qb3 26. Rff2 Qxe3 27. d5 Qd3 28.
Rcd2 Qxb5 29. d6 Rcd8 30. Rd5 Qb6 31. Re2 e3 32. Bf3 Kh8 33. Kg2 Re6 34. d7 Re7
35. Qd4 Qxd4 36. Rxd4 Rexd7 37. Rxd7 Rxd7 38. Rxe3 Rd2+ 39. Kf1 Kg8 40. Rb3 b6
41. h4 Kf7 42. h5 Bd3+ 43. Ke1 Bc4 44. Rb4 Rd4 45. Be2 Re4 46. Rxc4 Rxc4 47.
Bxc4+ Kf6 48. Kf2 Kg5 49. Bf7 Kf6 50. Bg6 Ke5 51. Ke3 Kd5 52. Kd3 Kc5 53. Kc3
Kd5 54. Kd3 Kc5 55. Ke4 Kb4 56. Bf7 Kc5 57. Kf5 Kd4 58. Kg6 Ke5 59. Kxg7 Kf5 60.
Kxh6 Kg4 61. Kg7 b5 62. h6 a5 63. h7 1-0

[Event "Women's Speed Chess Q4"]
[Site "chess.com INT"]
[Date "2020.06.21"]
[Round "9"]
[White "Buksa, Nataliya"]
[Black "Solozhenkina, Elizaveta"]
[Result "1/2-1/2"]
[WhiteTitle "IM"]
[BlackTitle "WIM"]
[WhiteElo "2410"]
[BlackElo "2301"]
[WhiteFideId "14123622"]
[BlackFideId "34106615"]
[EventDate "2020.06.21"]

1. d4 Nf6 2. Nc3 d5 3. Bf4 e6 4. Nb5 Na6 5. a4 c6 6. Na3 Bd6 7. e3 O-O 8. Nf3
Bxf4 9. exf4 c5 10. Bxa6 bxa6 11. O-O cxd4 12. Qxd4 Qb6 13. b4 Bd7 14. a5 Qxd4
15. Nxd4 Rab8 16. Rab1 Rfc8 17. b5 Rc3 18. b6 axb6 19. Rxb6 Rxb6 20. axb6 Bc8
21. Nb1 Rc4 22. c3 Nd7 23. Rc1 Nxb6 24. Nd2 Rc7 25. N4b3 Kf8 26. Kf1 Ke7 27. Ke2
Nc4 28. Nxc4 Rxc4 29. Nd2 Rxf4 30. c4 dxc4 31. Nxc4 Bd7 32. Ke3 Rf5 33. Nb6 Bb5
34. Rc7+ Kd6 35. Ra7 Re5+ 36. Kd4 Rf5 37. Nc8+ Kc6 38. Ne7+ Kb6 39. Nxf5 Kxa7
40. Nxg7 a5 41. Nh5 a4 42. Nf6 a3 43. Kc3 Ba4 44. Nxh7 Kb6 45. Ng5 f6 46. Nxe6
Kc6 47. Nd4+ Kc5 48. Nf5 Bd1 49. Ne3 Ba4 50. h4 Kd6 51. h5 Ke7 52. g4 Ke6 53. h6
Kf7 54. Nd5 Kg6 55. h7 Kxh7 56. Nxf6+ Kg6 57. Ne4 Bc6 58. Nd2 Kg5 59. f3 Bxf3
60. Nxf3+ Kxg4 61. Nd2 a2 62. Kb2 a1=Q+ 63. Kxa1 1/2-1/2

[Event "Women's Speed Chess Q4"]
[Site "chess.com INT"]
[Date "2020.06.21"]
[Round "9"]
[White "Kanyamarala, Trisha"]
[Black "Zvereva, Margarita"]
[Result "1-0"]
[WhiteTitle "WIM"]
[BlackTitle "WFM"]
[WhiteElo "2193"]
[BlackElo "1929"]
[WhiteFideId "45004722"]
[BlackFideId "34177741"]
[EventDate "2020.06.21"]

1. d4 d5 2. c4 e6 3. Nc3 Nf6 4. cxd5 exd5 5. Bg5 Be7 6. e3 O-O 7. Bd3 Nbd7 8.
Nge2 c6 9. O-O h6 10. Bh4 Re8 11. f3 Nf8 12. Qc2 Ne6 13. Bf2 c5 14. Rad1 cxd4
15. Nxd4 Nxd4 16. exd4 Be6 17. Bf5 Bxf5 18. Qxf5 Rc8 19. Rfe1 Qa5 20. Rxe7 Rxe7
21. Qxc8+ Kh7 22. Qc5 Qd8 23. Qb5 b6 24. Qd3+ Kg8 25. Bh4 Re6 26. Qf5 Qd7 27.
Bxf6 Re1+ 28. Rxe1 Qxf5 29. Be5 f6 30. Nxd5 Qd7 31. Nxf6+ gxf6 32. Bxf6 Qf7 33.
Be5 Qxa2 34. Re2 Qc4 35. Kf2 a5 36. g4 a4 37. h4 b5 38. g5 b4 39. Bf6 a3 40.
bxa3 bxa3 41. g6 Qc6 42. Be5 a2 43. Rxa2 Qd5 44. Ra7 Kf8 45. Rh7 Ke8 46. g7 Kd8
47. Rh8+ Kd7 48. g8=Q Qxg8 49. Rxg8 Ke7 50. Rg7+ Kf8 51. Rg6 Kf7 52. Rb6 Kg8 53.
d5 Kf8 54. d6 Ke8 55. Rb8+ Kd7 56. Rb7+ Kc6 57. d7 Kxb7 58. d8=Q 1-0

[Event "Women's Speed Chess Q4"]
[Site "chess.com INT"]
[Date "2020.06.21"]
[Round "9"]
[White "Klinova, Masha"]
[Black "Tarini, Goyal"]
[Result "1/2-1/2"]
[WhiteTitle "IM"]
[BlackTitle "WFM"]
[WhiteElo "2275"]
[BlackElo "2164"]
[WhiteFideId "2802015"]
[BlackFideId "5082749"]
[EventDate "2020.06.21"]

1. e4 c6 2. d4 d5 3. e5 Bf5 4. Nf3 e6 5. Be2 Ne7 6. O-O Nd7 7. h3 Bg6 8. Nbd2
Nf5 9. Nb3 Be7 10. a4 O-O 11. a5 h5 12. c4 h4 13. Bf4 Rc8 14. Qd2 Nb8 15. c5 Na6
16. Bg5 Bxg5 17. Qxg5 Qxg5 18. Nxg5 Nc7 19. Rfd1 a6 20. Bd3 f6 21. Nf3 Bh7 22.
Rd2 g5 23. exf6 Rxf6 24. Nxg5 Rcf8 25. Re1 Rg6 26. Nxh7 Kxh7 27. Re5 Rgf6 28.
Rde2 Kh6 29. Kh2 Ng7 30. Kg1 Nh5 31. Rd2 Nf4 32. Bf1 Rg8 33. Kh2 Rfg6 34. f3 Nb5
35. Nc1 Rg3 36. Ne2 Rxg2+ 37. Bxg2 Rxg2+ 38. Kh1 Kg7 39. Rxe6 Kf7 40. Re5 Rxe2
41. Rexe2 Nxe2 42. Rxe2 Nxd4 43. Rd2 Ne6 44. Kg2 Nf4+ 45. Kf2 Kf6 46. Ke3 Ne6
47. f4 Kf5 48. Rg2 Nxf4 49. Rf2 d4+ 50. Kxd4 Kg5 51. Rf3 Nd5 52. Ke5 Kg6 53. Rb3
Kg5 54. Rxb7 Nf4 55. Rg7+ Ng6+ 56. Kd6 Kf5 57. Ra7 Nf4 58. Kxc6 Nxh3 59. Rh7 Nf4
60. Rxh4 Ne6 61. Kb7 Ke5 62. Kb6 Kd5 63. Rh5+ Kc4 64. c6 Kb4 65. Kxa6 Nc7+ 66.
Kb7 Ne6 67. Re5 Nc5+ 68. Rxc5 Kxc5 69. c7 Kb5 70. c8=Q Kxa5 71. Qc6 Kb4 72. Qc5+
Kxc5 73. Ka6 Kb4 74. Kb6 Kb3 75. Kb7 Kxb2 1/2-1/2

[Event "Women's Speed Chess Q4"]
[Site "chess.com INT"]
[Date "2020.06.21"]
[Round "9"]
[White "Schut, Lisa"]
[Black "Hng, Mei-En Emmanuelle"]
[Result "1-0"]
[WhiteTitle "WIM"]
[BlackTitle "WFM"]
[WhiteElo "2259"]
[BlackElo "2029"]
[WhiteFideId "1019481"]
[BlackFideId "5804566"]
[EventDate "2020.06.21"]

1. e4 c5 2. Nf3 e6 3. d4 cxd4 4. Nxd4 a6 5. Nc3 Qc7 6. g3 Nf6 7. Bg2 Nc6 8. O-O
Be7 9. Re1 O-O 10. Nxc6 bxc6 11. e5 Nd5 12. Ne4 f5 13. exf6 Bxf6 14. Nxf6+ Nxf6
15. Bf4 Qb6 16. Bd6 Rf7 17. b3 Ne8 18. Bf4 d6 19. c4 e5 20. Be3 Qc7 21. Qd2 a5
22. f4 Bg4 23. fxe5 dxe5 24. Bc5 Nf6 25. Qd6 Qxd6 26. Bxd6 e4 27. Bxe4 Nxe4 28.
Rxe4 Bf5 29. Re5 Rd8 30. c5 Bd3 31. Rd1 Bb5 32. Rde1 h6 33. Re8+ Rxe8 34. Rxe8+
Kh7 35. Ra8 a4 36. bxa4 Bc4 37. a5 Rf1+ 38. Kg2 Ra1 39. Ra7 Rxa2+ 40. Kh3 Kg8
41. Be5 g5 42. Rg7+ Kf8 43. Rh7 Be6+ 44. g4 Ra3+ 45. Bg3 Ra4 46. Rxh6 Bxg4+ 47.
Kg2 Ra3 48. Kf2 Ra2+ 49. Ke3 Rxa5 50. Rxc6 Ke7 51. Kd4 Kd7 52. Rd6+ Ke7 53. Rg6
Ra4+ 54. Ke5 Rc4 55. Kd5 Rc1 56. Rxg5 Bf3+ 57. Kd4 Rd1+ 58. Kc4 Rc1+ 59. Kb4
Rb1+ 60. Kc3 Rc1+ 61. Kd4 Kf6 62. Rg8 Rd1+ 63. Kc3 Rc1+ 64. Kd2 Rxc5 65. Rf8+
Kg6 66. Rxf3 Rd5+ 67. Ke3 Kh5 68. Kf2 Rd2+ 69. Ke3 Ra2 70. Rf4 Ra3+ 71. Kf2 Ra2+
72. Kf3 Ra3+ 73. Kg2 Ra2+ 74. Rf2 Ra3 75. h3 Ra4 76. Rf5+ Kg6 77. Re5 Ra2+ 78.
Kf3 Ra3+ 79. Kg4 Ra4+ 80. Bf4 Ra1 81. Rg5+ Kh7 82. h4 Rg1+ 83. Kf5 Ra1 84. Rh5+
Kg8 85. Rh8+ Kxh8 86. Be5+ Kh7 87. Bxa1 Kh6 88. Kg4 Kg6 89. h5+ Kh7 90. Kg5 Kg8
91. Kg6 1-0

[Event "Women's Speed Chess Q4"]
[Site "chess.com INT"]
[Date "2020.06.21"]
[Round "9"]
[White "Yakimova, Mariya"]
[Black "Antolak, Julia"]
[Result "1-0"]
[WhiteTitle "WFM"]
[BlackTitle "WIM"]
[WhiteElo "2269"]
[BlackElo "2323"]
[WhiteFideId "34188859"]
[BlackFideId "1159569"]
[EventDate "2020.06.21"]

1. d4 Nf6 2. c4 g6 3. Nf3 Bg7 4. g3 d6 5. Bg2 O-O 6. O-O Nc6 7. Nc3 Bg4 8. e4 e5
9. d5 Nd4 10. Qd3 Nxf3+ 11. Bxf3 Bxf3 12. Qxf3 Nd7 13. Qe2 f5 14. exf5 gxf5 15.
f4 e4 16. Be3 Nc5 17. g4 fxg4 18. Qxg4 Kh8 19. Kh1 Qe7 20. f5 Rae8 21. Rad1 Nd3
22. Rd2 b6 23. Bg5 Qe5 24. Re2 Nc5 25. b4 Qxc3 26. bxc5 bxc5 27. Rxe4 Rxe4 28.
Qxe4 Be5 29. Bf4 Bd4 30. Bh6 Bg7 31. Bxg7+ Qxg7 32. Qe6 Qf6 33. Qxf6+ Rxf6 34.
Rf4 Kg7 35. Kg2 Kh6 36. Kf3 Kg5 37. h4+ Kh6 38. Ke4 Kg7 39. Kd3 Rf8 40. Kc3 Kf6
41. Kb3 Ke5 42. Rf1 Rxf5 43. Re1+ Kf6 44. Ka4 Rf4 45. Kb5 Rxh4 46. Re6+ Kf7 47.
a4 h5 48. Re1 Rf4 49. Rh1 h4 50. a5 Kg6 51. a6 Kh5 52. Kc6 Rxc4 53. Kb7 Ra4 54.
Kxa7 c4 55. Kb7 Kg4 56. a7 h3 57. Rg1+ Kf3 58. a8=Q Rxa8 59. Kxa8 h2 60. Rc1 Kg2
61. Rc2+ Kg3 62. Rc1 Kg2 63. Rc2+ Kg3 64. Rc1 Kf3 65. Kb7 Ke3 66. Kxc7 Kd3 67.
Kxd6 c3 68. Rh1 c2 69. Kc5 Kc3 70. d6 Kb2 71. Rxh2 Kb1 72. Rxc2 1-0